Lebensmittel mit "F" - Statistiken

Allgemein
  • Dieses Quiz wurde 365 mal gespielt
  • Das Durchschnittsergebnis liegt bei 11 aus 42
Antwortstatistiken
Lebensmittel % Korrekt
Fisch
94%
Fleisch
74%
Feige
63%
Forelle
56%
Frischkäse
52%
Früchte
48%
Frikadelle
47%
Fenchel
38%
Falafel
35%
Fasan
33%
Filet
33%
Fischstäbchen
32%
Fritten
31%
Froschschenkel
31%
Fladenbrot
28%
Flammkuchen
28%
Fondue
28%
Fassbrause
27%
Fischsuppe
27%
Fruchtsaft
26%
Fadennudel
25%
Fleischsalat
25%
Feldsalat
22%
Frikassee
17%
Feta
15%
Fischbrötchen
15%
Frankfurter
13%
Fondant
12%
Frühlingszwiebel
12%
Fleischbrühe
11%
Federweißer
10%
Fencheltee
10%
Frühlingsrolle
10%
Fruchtjoghurt
9%
Filterkaffee
8%
Frühstücksfleisch
8%
Florentiner
7%
Fleischklößchen
6%
Flädlesuppe
5%
Frutti di Mare
4%
Fleischtomate
3%
Felsenbirne
2%
Keine übereinstimmenden Quizze gefunden
Verteilung der Resultate
Anzahl Personen mit jedem Resultat
Perzentil nach korrekt beantworteten Fragen
Ihre Resultats-Entwicklung
Sie haben dieses Quiz noch nicht gespielt